| 000 | 00808cam a2200301 4500 | ||
|---|---|---|---|
| 008 | 090401t1987 xxu||||| |||| 00| 0 eng d | ||
| 020 | _a0333457005 | ||
| 020 | _a0333457013 | ||
| 035 | _a(Sirsi) u50735 | ||
| 041 | _aeng | ||
| 050 | _a690.24 | ||
| 100 | _aSeeley, I. | ||
| 245 | _aBuilding maintenance | ||
| 250 | _a2nd ed. | ||
| 260 |
_aBasingstoke _bMacmillan Education _c1987 |
||
| 300 | _axviii,452p. : ill. ; 24cm. | ||
| 350 | _a10.5 | ||
| 490 | _aMacmillan Building and Surveying Series | ||
| 650 | _aBUILDING DEFECTS | ||
| 650 | _aALTERATIONS | ||
| 650 | _aREPAIRS | ||
| 650 | _aIMPROVEMENTS | ||
| 650 | _aTENDERING | ||
| 650 | _aBUILT ENVIRONMENT-BUILDING CONTRACT FORMS | ||
| 690 | _aBUILDING AND CONSTRUCTION-REPAIRS AND MAINTENANCE | ||
| 942 | _n0 | ||
| 948 | _c04/03/1997 | ||
| 999 |
_c92743 _d92743 |
||